| 000 | 00439nam a2200181Ia 4500 | ||
|---|---|---|---|
| 008 | 220531s9999 xx 000 0 und d | ||
| 041 | _aeng | ||
| 082 | _bKOS | ||
| 100 |
_aKosambi, D. D. _942252 |
||
| 245 | _aAn Introduction To The Study India History | ||
| 250 | _a1ST | ||
| 260 |
_bPopoular _c1995 |
||
| 300 | _a415 | ||
| 542 | _d26-07-2000 | ||
| 650 |
_aHistory _942253 |
||
| 906 |
_d2000-2001 _f7581 |
||
| 999 |
_c25212 _d25212 |
||